Statistics for Tricky Trivia 8

Click here to take the quiz!

General Stats

  • This quiz has been taken 12 times
  • The average score is 7 of 20

Answer Stats

QuestionAnswer% Correct
Name the word which can mean either short sleep or raised fibresNap
73%
What is a ring shaped reef or island called?Atoll
64%
Name the abbreviation of the active ingredient in marijuanaTHC
64%
Give another name for Ayer's RockUluru
64%
Which band's lead guitarist dresses up as a school boy?AC/DC
55%
Who is considered the most famous graffiti artist?Banksy
55%
Which primate is the most common on earth?Human Beings
55%
What word, beginning with "O", refers to a black volcanic glass?Obsidian
45%
In which country are you likely to be if you are eating biltong?South Africa
36%
Freud's model of the psyche consists of the ego, id and…?Super ego
36%
What is the term for the study of flags?Vexillology
36%
What is the plural of genus?Genera
27%
Where would you find propolis being made?Beehive
9%
What is the path of the sun across the sky known as?Ecliptic
9%
What is the cross between a horse stallion and a female donkey called?Hinny
9%
What word describes a colour or an escaped slave?Maroon
9%
Name the method of cooking slowly in a vacuum bag in hot waterSous vide
9%
Which commonly used complimentary word used to mean foolish or stupid?Nice
0%
What is the medical term for fainting?Syncope
0%
What is the highest peak of Mount Kilimanjaro called?Uhuru Peak
0%

Score Distribution

Percentile by Number Answered

Percent of People with Each Score

Your Score History

You have not taken this quiz